00430nam a2200121 4500008004100000020001800041050002100059100001800080245011300098260005300211300002900264650001500293160709b xxu||||| |||| 00| 0 eng d a9789966008251 aT56.8b.C45 2010 aChikati, John aCBOs management handbook : a guide to daily management tasks of community based organizations/cChikati John aNairobi :bRepared Publishing Department,c2010. avii, 85p. :bill;c21cm. aManagement